| Поле | Инд. | ПП | Название | Значение |
|---|---|---|---|---|
| Тип записи | a | |||
| Библиографический уровень | m | |||
| 001 | Контрольный номер | 915b5341-166d-11dc-855b-00c0262f1595 | ||
| 005 | Дата корректировки | 20140901112304.9 | ||
| 008 | Кодируемые данные | 061211 | ||
| 041 | a | Код языка текста | rus | |
| 080 | a | Индекс УДК | 512 | |
| 084 | a | Индекс другой классификации/Индекс ББК | В14 | |
| 090 | a | Полочн. индекс | В14 | |
| x | Авторский знак | Б 26 | ||
| 100 | 1_ | a | Автор | Барсов Александр Дмитриевич |
| d | Дата | 1769-ок. 1797 | ||
| q | Полное имя | которую в пользу начинающих упражняться в математике издал при Императорском Московском университете философии и свободных наук магистр Александр Барсов | ||
| 245 | 10 | a | Заглавие | Новая алгебра, |
| b | Продолж. заглавия | содержащая в себе не только простую аналитику ; но также дифференциальное, интегральное и вариационное исчисление, | ||
| 260 | 0_ | a | Место издания | Москва |
| b | Издательство | Иждивением бухгалтера И. Новикова | ||
| b | Издательство | в Университетской типографии, у Ридигера и Клаудия | ||
| c | Дата издания | 1797 | ||
| 300 | a | Объем | VIII, [2], 196, [2] с., [2] л. черт. | |
| c | Размеры | 8° (23х14 см) | ||
| 500 | a | Примечание | Экз. деф. : нет 2 л. черт. | |
| 500 | a | Примечание | Из содерж.: На с. [1-2] в конце текста список подписчиков | |
| 500 | a | Примечание | СК 18 в. - Т. 1, 396 | |
| 561 | a | История (примечание) | Из коллекции Тверской мужской гимназии | |
| 653 | a | Ключевые слова | Алгебра | |
| a | Ключевые слова | Вариационное исчисление | ||
| a | Ключевые слова | Дифференциальное исчисление | ||
| a | Ключевые слова | Интегральное исчисление | ||
| a | Ключевые слова | Математика | ||
| 653 | 1_ | a | Ключевые слова | ОРК 18 век |
| 700 | 1_ | a | Другие авторы | Новиков И. |
| c | Титул (звание) | бухгалтер | ||
| e | Роль лиц | изд. | ||
| 700 | 1_ | a | Другие авторы | Ридигер Христиан |
| e | Роль лиц | типограф | ||
| 700 | 1_ | a | Другие авторы | Клаудий Христофор |
| e | Роль лиц | типограф | ||
| 852 | t | Порядковый номер экземпляра | 1 | |
| x | Примечание, не предназначенное для пользователя | Твер. муж. гимназия | ||
| 901 | t | Тип документа | m | |
| 920 | a | Оператор | Поля | |
| a | Оператор | Алекс | ||
| a | Оператор | Конд | ||
| a | Оператор | Густ | ||
| a | Оператор | Стро | ||
| 930 | a | Новая/Ретро | новая | |
| 952 | c | Вид литературы | К ру | |
| 954 | a | Дата поступления на обработку | 20140826 | |
| c | Дата окончания ОНО | 20140901 | ||
| b | Дата поступления в ОК | 20140606 | ||
| 999 | a | Подразделение 2 | ОРК |